[Event "Bengaluru Karnataka op"]
[Site "Bengaluru"]
[Date "2018.04.18"]
[Round "9"]
[White "Bachikar, Girish"]
[Black "Sanjay, N."]
[Result "0-1"]
[WhiteElo "1704"]
[BlackElo "2346"]
[PlyCount "76"]
[EventDate "2018.04.14"]
[EventType "swiss"]
[EventRounds "10"]
[EventCountry "IND"]
[SourceTitle "CBM 184 Extra"]
[Source "ChessBase"]
[SourceDate "2018.06.28"]
[SourceVersion "1"]
[SourceVersionDate "2018.06.28"]
[SourceQuality "1"]

1. d4 Nf6 2. Nf3 d5 3. c4 e6 4. Nc3 Bb4 5. Bg5 Nbd7 6. g3 c6 7. Bg2 dxc4 8. 0-0 Qa5 9. Bd2 0-0 10. a3 Bxc3 11. Bxc3 Qc7 12. Nd2 b5 13. a4 Bb7 14. b3 Nd5 15. Bxd5 exd5 16. b4 Rfe8 17. Re1 Nf6 18. Qc2 a6 19. f3 Rad8 20. e3 Re6 21. Re2 Rde8 22. Rae1 R6e7 23. a5 Bc8 24. e4 dxe4 25. fxe4 Bg4 26. Rf2 Bh5 27. d5 Nxd5 28. Bd4 Bg6 29. Qb2 f6 30. e5 fxe5 31. Bc5 c3 32. Qb3 cxd2 33. Rxd2 Rf7 34. Rc1 Qd7 35. Re1 h6 36. Red1 Qg4 37. Rxd5 cxd5 38. Rxd5 Qe2 0-1

[Event "Bengaluru Karnataka op"]
[Site "Bengaluru"]
[Date "2018.04.17"]
[Round "8"]
[White "Isha, Sharma"]
[Black "Sanjay, N."]
[Result "1-0"]
[WhiteElo "1926"]
[BlackElo "2346"]
[PlyCount "135"]
[EventDate "2018.04.14"]
[EventType "swiss"]
[EventRounds "10"]
[EventCountry "IND"]
[SourceTitle "CBM 184 Extra"]
[Source "ChessBase"]
[SourceDate "2018.06.28"]
[SourceVersion "1"]
[SourceVersionDate "2018.06.28"]
[SourceQuality "1"]

1. e4 c5 2. c3 d5 3. exd5 Qxd5 4. d4 Nf6 5. Nf3 Bg4 6. Be2 e6 7. 0-0 Nc6 8. h3 Bh5 9. Be3 cxd4 10. cxd4 Bb4 11. Nc3 Qd6 12. Qb3 0-0 13. Rfd1 Rfd8 14. Rac1 Rac8 15. a3 Bxc3 16. bxc3 Nd5 17. Bg5 Nf4 18. Bxf4 Qxf4 19. Rb1 b6 20. Qb5 Bg6 21. Rb2 Be4 22. Qa6 Qc7 23. Nd2 Bd5 24. Qa4 e5 25. Ba6 Ra8 26. c4 Bxg2 27. Kxg2 Nxd4 28. Ne4 f5 29. Ng3 g6 30. Rbd2 f4 31. Ne4 Kg7 32. Ng5 Rd6 33. Nf3 Rad8 34. Nxd4 exd4 35. Re1 d3 36. Qb5 Rf6 37. Qe5 Qf7 38. Qe7 Rd7 39. Qxf7+ Kxf7 40. Kf3 Rd4 41. Re4 Rd8 42. Rxf4 g5 43. Rxf6+ Kxf6 44. Ke3 Re8+ 45. Kxd3 Re1 46. Kd4 h5 47. Rd3 Re2 48. Rf3+ Kg6 49. Bc8 Rd2+ 50. Ke5 Re2+ 51. Kd6 Rd2+ 52. Kc7 Rd4 53. Be6 Kg7 54. Kb7 Re4 55. Rf7+ Kh8 56. Bd5 Rd4 57. a4 g4 58. hxg4 h4 59. Kxa7 Rxg4 60. Kxb6 h3 61. a5 h2 62. Rf5 Rh4 63. a6 Rh6+ 64. Kb7 Rh7+ 65. Kb8 h1Q 66. Bxh1 Rxh1 67. a7 Rb1+ 68. Rb5 1-0

[Event "Bengaluru Karnataka op"]
[Site "Bengaluru"]
[Date "2018.04.16"]
[Round "5"]
[White "Sanjay, N."]
[Black "Rakshith, R Umesh"]
[Result "1-0"]
[WhiteElo "2346"]
[BlackElo "1728"]
[PlyCount "137"]
[EventDate "2018.04.14"]
[EventType "swiss"]
[EventRounds "10"]
[EventCountry "IND"]
[SourceTitle "CBM 184 Extra"]
[Source "ChessBase"]
[SourceDate "2018.06.28"]
[SourceVersion "1"]
[SourceVersionDate "2018.06.28"]
[SourceQuality "1"]

1. Nf3 d5 2. d4 Nf6 3. c4 e6 4. Nc3 c6 5. Bg5 Be7 6. e3 Nbd7 7. Qc2 0-0 8. a3 b6 9. cxd5 exd5 10. Bd3 Bb7 11. 0-0 Re8 12. Ne5 h6 13. Bh4 Nxe5 14. dxe5 Ne4 15. Bxe7 Qxe7 16. Bxe4 dxe4 17. Qxe4 c5 18. Qf4 Qxe5 19. Qxe5 Rxe5 20. Rfd1 Kf8 21. Rd7 Re7 22. Rd2 Ke8 23. Nb5 Rd7 24. Nd6+ Kf8 25. Rad1 Rad8 26. e4 f6 27. Kf1 Ba6+ 28. Ke1 g6 29. Nc4 Ke7 30. Ne3 Rxd2 31. Rxd2 Rxd2 32. Kxd2 Bb7 33. f3 b5 34. b4 c4 35. Kc3 h5 36. Kd4 Kd6 37. h4 a6 38. g3 Bc6 39. f4 Ke6 40. f5+ gxf5 41. Nxf5 Be8 42. Ne3 Bc6 43. Nd1 f5 44. e5 Bb7 45. Nc3 Bf3 46. a4 Bc6 47. a5 Bf3 48. Ke3 Bb7 49. Kf4 Bc6 50. Ne2 Be4 51. Nd4+ Kd5 52. Nxf5 Bxf5 53. Kxf5 c3 54. e6 c2 55. e7 c1Q 56. e8Q Qf1+ 57. Kg5 Kc4 58. Qe4+ Kb3 59. Kxh5 Qf7+ 60. Kg5 Qg7+ 61. Kf4 Qf8+ 62. Ke3 Qg8 63. g4 Qc4 64. g5 Qc1+ 65. Ke2 Qc4+ 66. Qxc4+ bxc4 67. g6 c3 68. g7 c2 69. g8Q+ 1-0

[Event "Bengaluru Karnataka op"]
[Site "Bengaluru"]
[Date "2018.04.14"]
[Round "2"]
[White "Dhanyatha, Corry"]
[Black "Sanjay, N."]
[Result "0-1"]
[WhiteElo "1155"]
[BlackElo "2346"]
[PlyCount "110"]
[EventDate "2018.04.14"]
[EventType "swiss"]
[EventRounds "10"]
[EventCountry "IND"]
[SourceTitle "CBM 184 Extra"]
[Source "ChessBase"]
[SourceDate "2018.06.28"]
[SourceVersion "1"]
[SourceVersionDate "2018.06.28"]
[SourceQuality "1"]

1. b4 d5 2. Bb2 Qd6 3. a3 e5 4. e3 Nd7 5. d3 Ngf6 6. Be2 g6 7. Nf3 Bg7 8. Nbd2 0-0 9. 0-0 c6 10. Rc1 b6 11. c4 Bb7 12. cxd5 cxd5 13. Re1 Ne8 14. h3 Nc7 15. Rc2 Ne6 16. Nb3 Bc6 17. Qa1 Ba4 18. Qa2 a5 19. bxa5 Ndc5 20. Nxc5 Bxc2 21. Nxe6 Qxe6 22. axb6 Ba4 23. Rb1 Rfb8 24. Ba1 Ra6 25. d4 Raxb6 26. Rxb6 Qxb6 27. Bf1 Qb1 28. Qxb1 Rxb1 29. Bc3 Bb5 30. Be1 e4 31. Bxb5 exf3 32. gxf3 Rxb5 33. a4 Rb1 34. Kf1 Bf8 35. Ke2 Bb4 36. Bxb4 Rxb4 37. a5 Ra4 38. Kd3 Rxa5 39. Ke2 Ra2+ 40. Ke1 f5 41. Kf1 Kf7 42. Kg2 f4 43. Kf1 fxe3 44. fxe3 Rh2 45. Kg1 Re2 46. e4 dxe4 47. fxe4 Rxe4 48. d5 Rd4 49. Kf2 Rxd5 50. Kf3 Ke6 51. Kf4 g5+ 52. Kg4 Kf6 53. Kf3 Rd3+ 54. Kg4 Kg6 55. h4 h5# 0-1

[Event "Asia Cities-ch 19th"]
[Site "Kalutara "]
[Date "2015.07.25"]
[Round "6"]
[White "Mohammed, Dilshad"]
[Black "Sanjay, N."]
[Result "0-1"]
[WhiteElo "1961"]
[BlackElo "2342"]
[PlyCount "64"]
[EventDate "2015.07.22"]
[EventType "team-tourn"]
[EventRounds "9"]
[EventCountry "SRI"]
[SourceTitle "EXT 2020"]
[Source "ChessBase"]
[SourceDate "2019.10.17"]
[SourceVersion "1"]
[SourceVersionDate "2019.10.17"]
[SourceQuality "1"]
[WhiteTeam "Kozhikode"]
[BlackTeam "Bangalore"]
[WhiteTeamCountry "IND"]
[BlackTeamCountry "IND"]

1. d4 Nf6 2. Bg5 d5 3. c3 Nbd7 4. Nd2 g6 5. Qc2 Bg7 6. e4 dxe4 7. Nxe4 0-0 8. Nf3 c5 9. Bxf6 exf6 10. Be2 cxd4 11. cxd4 Nb6 12. Nc3 Be6 13. 0-0 Bh6 14. Qe4 Nd5 15. Qh4 Kg7 16. Nxd5 Bxd5 17. Rfd1 Re8 18. Bd3 Qb6 19. b3 Bxf3 20. gxf3 Rad8 21. Qg3 Rxd4 22. Be4 Bd2 23. Rab1 Re5 24. h4 Re7 25. Kg2 h5 26. Rg1 Qe6 27. Rbd1 Red7 28. Rdf1 f5 29. Bb1 Qf6 30. Rh1 Bf4 31. Qh3 Rd2 32. Rfg1 R7d4 0-1

[Event "Asia Cities-ch 19th"]
[Site "Kalutara "]
[Date "2015.07.24"]
[Round "4"]
[White "Sanjay, N."]
[Black "Zhou, Jiangnan"]
[Result "1/2-1/2"]
[WhiteElo "2342"]
[BlackElo "2099"]
[PlyCount "137"]
[EventDate "2015.07.22"]
[EventType "team-tourn"]
[EventRounds "9"]
[EventCountry "SRI"]
[SourceTitle "EXT 2020"]
[Source "ChessBase"]
[SourceDate "2019.10.17"]
[SourceVersion "1"]
[SourceVersionDate "2019.10.17"]
[SourceQuality "1"]
[WhiteTeam "Bangalore"]
[BlackTeam "Qingdao"]
[WhiteTeamCountry "IND"]
[BlackTeamCountry "CHN"]

1. Nf3 Nf6 2. c4 g6 3. g3 c5 4. Bg2 Bg7 5. 0-0 0-0 6. d4 cxd4 7. Nxd4 Nc6 8. Nc2 d6 9. Nc3 Be6 10. b3 Qd7 11. e4 Bh3 12. f3 Bxg2 13. Kxg2 Ne8 14. Bb2 Nc7 15. Rb1 Rab8 16. Ne3 Ne6 17. h4 f5 18. exf5 gxf5 19. f4 Nc5 20. Qd2 e6 21. Rbd1 Rbd8 22. Kh2 Qf7 23. Qg2 Qh5 24. Nb5 Bxb2 25. Qxb2 Ne4 26. Nc3 Nf6 27. Rfe1 Rf7 28. Qe2 Qg6 29. Qg2 Rg7 30. Rd2 Nh5 31. Ne2 Qf7 32. Red1 Qe7 33. Qf3 Nf6 34. Nc3 Kh8 35. Re2 Qf7 36. Red2 Qe7 37. Re2 Qf7 38. Red2 Qf8 39. Kh3 Ng4 40. Kg2 e5 41. Nxg4 Rxg4 42. Ne2 Qf6 43. Kf1 exf4 44. Nxf4 h6 45. Qe3 Kh7 46. Re2 Rdg8 47. Qe6 Qxe6 48. Rxe6 Rxg3 49. Kf2 R3g4 50. Nh5 Rg2+ 51. Ke3 R8g6 52. Rdxd6 Rxe6+ 53. Rxe6 Rxa2 54. Rd6 Rb2 55. Rd7+ Kg6 56. Nf4+ Kf6 57. Rxb7 Na5 58. Nd5+ Ke5 59. Re7+ Kd6 60. Rxa7 Rxb3+ 61. Kf4 Nxc4 62. Ne7 Ke6 63. Nxf5 Rb4 64. Nxh6 Ne5+ 65. Kg3 Rb3+ 66. Kg2 Rb2+ 67. Kg3 Rb3+ 68. Kg2 Rb2+ 69. Kg3 1/2-1/2

[Event "Asia Cities-ch 19th"]
[Site "Kalutara "]
[Date "2015.07.22"]
[Round "1"]
[White "Doluweera, Minul Sanjula"]
[Black "Sanjay, N."]
[Result "0-1"]
[WhiteElo "2042"]
[BlackElo "2342"]
[PlyCount "60"]
[EventDate "2015.07.22"]
[EventType "team-tourn"]
[EventRounds "9"]
[EventCountry "SRI"]
[SourceTitle "EXT 2020"]
[Source "ChessBase"]
[SourceDate "2019.10.17"]
[SourceVersion "1"]
[SourceVersionDate "2019.10.17"]
[SourceQuality "1"]
[WhiteTeam "Kandy"]
[BlackTeam "Bangalore"]
[WhiteTeamCountry "SRI"]
[BlackTeamCountry "IND"]

1. c4 Nf6 2. Nc3 g6 3. Nf3 Bg7 4. g3 0-0 5. Bg2 d5 6. cxd5 Nxd5 7. 0-0 c5 8. Nxd5 Qxd5 9. d3 Qd6 10. Nd2 Qc7 11. Nc4 Nc6 12. Bf4 e5 13. Bd2 Be6 14. Bc3 b5 15. Ne3 Rad8 16. f4 b4 17. Bxe5 Nxe5 18. fxe5 Qxe5 19. Nc2 Qxb2 20. Kh1 Bxa2 21. Qc1 b3 22. Na3 Qxa1 23. Qxa1 Bxa1 24. Rxa1 Rd4 25. Rf1 b2 26. Nb1 Bxb1 27. Rxb1 Rb8 28. Be4 Rxe4 29. dxe4 c4 30. Kg2 c3 0-1

[Event "Mumbai Mayors Cup 8th"]
[Site "Mumbai"]
[Date "2015.06.09"]
[Round "10"]
[White "Mohammad, Nubairshah Shaikh"]
[Black "Sanjay, N."]
[Result "1/2-1/2"]
[WhiteElo "2428"]
[BlackElo "2310"]
[PlyCount "117"]
[EventDate "2015.06.02"]
[EventType "swiss"]
[EventRounds "10"]
[EventCountry "IND"]
[SourceTitle "CBM 166 Extra"]
[Source "ChessBase"]
[SourceDate "2015.06.18"]
[SourceVersion "1"]
[SourceVersionDate "2015.06.18"]
[SourceQuality "1"]

1. d4 Nf6 2. c4 c5 3. d5 b5 4. cxb5 a6 5. bxa6 g6 6. Nc3 Bg7 7. Nf3 0-0 8. g3 d6 9. Bg2 Qa5 10. 0-0 Nbd7 11. Bd2 Nb6 12. b3 Qxa6 13. Nh4 Bg4 14. Re1 Rfb8 15. a4 Nc8 16. h3 Bd7 17. e4 Qb6 18. Rb1 Ne8 19. Bf1 Nc7 20. Nf3 e6 21. Bc4 Qb7 22. dxe6 fxe6 23. Kg2 Bc6 24. Bd3 d5 25. exd5 exd5 26. Qe2 Nd6 27. Qe7 Rd8 28. Qh4 Re8 29. Ne2 d4 30. Neg1 Rxe1 31. Rxe1 Re8 32. Qf4 Rxe1 33. Bxe1 Nce8 34. Bc2 Bd5 35. a5 Bxb3 36. a6 Qd5 37. Bxb3 Qxb3 38. Qg5 Qb6 39. Qd5+ Kf8 40. Ng5 Qxa6 41. Ne6+ Ke7 42. Nxc5 Qc4 43. Qc6 Kf8 44. Nd7+ Kf7 45. Qf3+ Kg8 46. Nb6 Qb5 47. Nd5 Qb7 48. Bb4 Qf7 49. Ne2 Qxf3+ 50. Kxf3 Kf7 51. Nef4 g5 52. Nd3 Ke6 53. Nb6 Nb5 54. Nc5+ Kf5 55. Nbd7 Nc3 56. g4+ Kg6 57. Ne4 Nd5 58. Bd2 h6 59. Ke2 1/2-1/2

[Event "Mumbai Mayors Cup 8th"]
[Site "Mumbai"]
[Date "2015.06.05"]
[Round "5"]
[White "Sanjay, N."]
[Black "Deepan Chakkravarthy, J."]
[Result "0-1"]
[WhiteElo "2310"]
[BlackElo "2497"]
[PlyCount "64"]
[EventDate "2015.06.02"]
[EventType "swiss"]
[EventRounds "10"]
[EventCountry "IND"]
[SourceTitle "CBM 166 Extra"]
[Source "ChessBase"]
[SourceDate "2015.06.18"]
[SourceVersion "1"]
[SourceVersionDate "2015.06.18"]
[SourceQuality "1"]

1. Nf3 Nf6 2. c4 g6 3. Nc3 Bg7 4. e4 0-0 5. d4 d6 6. Be2 e5 7. 0-0 Nc6 8. d5 Ne7 9. b4 Nh5 10. Re1 f5 11. Ng5 Nf6 12. f3 Kh8 13. Be3 Bh6 14. f4 Nxe4 15. Ncxe4 fxe4 16. g4 Bxg5 17. fxg5 Nf5 18. gxf5 gxf5 19. Kh1 f4 20. Bf2 Qxg5 21. Rg1 Qh6 22. Bg4 e3 23. Be1 Bxg4 24. Qxg4 Rg8 25. Qe6 Rxg1+ 26. Kxg1 Qg5+ 27. Kf1 Rf8 28. h3 f3 29. Qg4 Qxg4 30. hxg4 Rf4 31. Rc1 Rxg4 32. c5 Rg2 0-1

[Event "Mumbai Mayors Cup 8th"]
[Site "Mumbai"]
[Date "2015.06.03"]
[Round "3"]
[White "Sanjay, N."]
[Black "Smirnov, Pavel"]
[Result "0-1"]
[WhiteElo "2310"]
[BlackElo "2588"]
[PlyCount "66"]
[EventDate "2015.06.02"]
[EventType "swiss"]
[EventRounds "10"]
[EventCountry "IND"]
[SourceTitle "CBM 166 Extra"]
[Source "ChessBase"]
[SourceDate "2015.06.18"]
[SourceVersion "1"]
[SourceVersionDate "2015.06.18"]
[SourceQuality "1"]

1. Nf3 d5 2. d4 Nf6 3. c4 e6 4. Nc3 c6 5. Bg5 h6 6. Bxf6 Qxf6 7. e3 g6 8. Bd3 dxc4 9. Bxc4 Nd7 10. 0-0 Bg7 11. Re1 0-0 12. e4 Rd8 13. e5 Qe7 14. Qe2 b5 15. Bd3 Rb8 16. Rac1 c5 17. Nxb5 Bb7 18. Nd6 Bxf3 19. Qxf3 Rxb2 20. dxc5 Nxe5 21. Qg3 Nxd3 22. Qxd3 Rxa2 23. Red1 Qc7 24. Qc4 Ra5 25. c6 Be5 26. Nb7 Rxd1+ 27. Rxd1 Bxh2+ 28. Kf1 Rf5 29. g4 Rf6 30. Qd4 Kg7 31. Qd7 Qg3 32. Qd4 e5 33. Ke2 Qf3+ 0-1

[Event "Dindigul Cities-ch"]
[Site "Dindigul"]
[Date "2014.06.18"]
[Round "4.3"]
[White "Sanjay, N."]
[Black "Ramesh, Kumar N"]
[Result "1-0"]
[WhiteElo "2337"]
[BlackElo "1994"]
[PlyCount "75"]
[EventDate "2014.06.16"]
[EventType "team-swiss"]
[EventRounds "7"]
[EventCountry "IND"]
[SourceTitle "CBM 161 Extra"]
[Source "ChessBase"]
[SourceDate "2014.08.29"]
[SourceVersion "1"]
[SourceVersionDate "2014.08.29"]
[SourceQuality "1"]
[WhiteTeam "Bangalore"]
[BlackTeam "Dindigul"]
[WhiteTeamCountry "IND"]
[BlackTeamCountry "IND"]

1. Nf3 Nc6 2. c4 e5 3. Nc3 Nf6 4. g3 d5 5. cxd5 Nxd5 6. Bg2 Nxc3 7. bxc3 Bc5 8. 0-0 0-0 9. d3 Rb8 10. e3 Bg4 11. h3 Bh5 12. g4 Bg6 13. d4 exd4 14. cxd4 Be7 15. Ne1 Qd7 16. Bb2 Bf6 17. f4 h6 18. f5 Bh7 19. Nd3 Rfe8 20. Qf3 Na5 21. Rad1 b6 22. Nf4 Nc4 23. Bc1 Nd6 24. Qc6 Qxc6 25. Bxc6 Red8 26. e4 Nc4 27. e5 Bg5 28. Bb5 Na5 29. d5 Be7 30. Kg2 Bc5 31. Bb2 c6 32. dxc6 Rdc8 33. e6 Nxc6 34. exf7+ Kxf7 35. Bxc6 Rxc6 36. Rd7+ Be7 37. Nd5 Rc2+ 38. Rf2 1-0

[Event "Dindigul Cities-ch"]
[Site "Dindigul"]
[Date "2014.06.17"]
[Round "3.3"]
[White "Mehar, Chinna Reddy CH"]
[Black "Sanjay, N."]
[Result "1/2-1/2"]
[WhiteElo "2314"]
[BlackElo "2337"]
[PlyCount "50"]
[EventDate "2014.06.16"]
[EventType "team-swiss"]
[EventRounds "7"]
[EventCountry "IND"]
[SourceTitle "CBM 161 Extra"]
[Source "ChessBase"]
[SourceDate "2014.08.29"]
[SourceVersion "1"]
[SourceVersionDate "2014.08.29"]
[SourceQuality "1"]
[WhiteTeam "Tenali"]
[BlackTeam "Bangalore"]
[WhiteTeamCountry "IND"]
[BlackTeamCountry "IND"]

1. e4 c5 2. Nf3 Nc6 3. d4 cxd4 4. Nxd4 g6 5. Nc3 Bg7 6. Be3 Nf6 7. Bc4 0-0 8. 0-0 Nxe4 9. Nxe4 d5 10. Nxc6 bxc6 11. Bd3 dxe4 12. Bxe4 Ba6 13. Qxd8 Rfxd8 14. Rfb1 Bd4 15. Bf4 e5 16. Bg5 Rd6 17. c3 Bb6 18. Rd1 Re6 19. Rd7 Bc8 20. Rd2 Kg7 21. Rad1 Rb8 22. b3 h6 23. Be3 Bxe3 24. fxe3 Rb7 25. Rd8 Rc7 1/2-1/2

[Event "Dindigul Cities-ch"]
[Site "Dindigul"]
[Date "2014.06.16"]
[Round "1.2"]
[White "Sanjay, N."]
[Black "Ashok, Manickam P"]
[Result "1-0"]
[WhiteElo "2337"]
[BlackElo "1332"]
[PlyCount "67"]
[EventDate "2014.06.16"]
[EventType "team-swiss"]
[EventRounds "7"]
[EventCountry "IND"]
[SourceTitle "CBM 161 Extra"]
[Source "ChessBase"]
[SourceDate "2014.08.29"]
[SourceVersion "1"]
[SourceVersionDate "2014.08.29"]
[SourceQuality "1"]
[WhiteTeam "Bangalore"]
[BlackTeam "Sivakasi II"]
[WhiteTeamCountry "IND"]
[BlackTeamCountry "IND"]

1. Nf3 d5 2. c4 e6 3. g3 Nf6 4. Bg2 b6 5. 0-0 Ba6 6. Ne5 Bb7 7. Nc3 Nbd7 8. Qa4 Bd6 9. d4 0-0 10. Nxd7 Nxd7 11. cxd5 e5 12. Be3 a6 13. Rac1 Rc8 14. Rfd1 Qe7 15. Qb3 h6 16. Ne4 Nf6 17. Nxd6 Qxd6 18. dxe5 Qxe5 19. Bf3 Rfd8 20. Bd4 Qe7 21. d6 cxd6 22. Bxf6 gxf6 23. Qxb6 Bxf3 24. exf3 Rb8 25. Qd4 Rd7 26. Re1 Qd8 27. b3 Kg7 28. Qg4+ Kh8 29. Qh5 Qf8 30. Qf5 Qd8 31. Rc4 d5 32. Rh4 Kg7 33. Rg4+ Kh8 34. Re8+ 1-0

[Event "Mumbai Mayors Cup 5th"]
[Site "Mumbai"]
[Date "2012.06.12"]
[Round "8"]
[White "Sanjay, N."]
[Black "Patil, Pratik"]
[Result "1-0"]
[WhiteElo "2343"]
[BlackElo "2205"]
[PlyCount "101"]
[EventDate "2012.06.07"]
[EventType "swiss"]
[EventRounds "11"]
[EventCountry "IND"]
[SourceTitle "CBM 148 Extra"]
[Source "ChessBase"]
[SourceDate "2012.06.22"]
[SourceVersion "1"]
[SourceVersionDate "2012.06.22"]
[SourceQuality "1"]

1. Nf3 Nf6 2. c4 g6 3. g3 Bg7 4. Bg2 0-0 5. 0-0 d5 6. cxd5 Nxd5 7. Nc3 Nb6 8. d4 Nc6 9. e3 a5 10. b3 Nb4 11. Bb2 a4 12. Nxa4 Nxa4 13. bxa4 Nd5 14. Ne5 Nb6 15. d5 Qd6 16. f4 Rd8 17. Qb3 Rxa4 18. Rac1 Bd7 19. Nxf7 Kxf7 20. Be5 Qb4 21. Bxc7 Rda8 22. Bxb6 Qxb3 23. axb3 Rb4 24. Bc5 Rxb3 25. d6 e6 26. Rb1 Rxb1 27. Rxb1 Ra2 28. Bxb7 Rc2 29. Bb6 Rd2 30. Bc5 Rc2 31. Ba7 Rd2 32. Bb8 Bb2 33. Bf3 Ba3 34. Rd1 Rb2 35. Ba7 Bb4 36. e4 Ra2 37. Bf2 e5 38. fxe5 Ra3 39. Be2 Rc3 40. Be1 Bc5+ 41. Bf2 Ba3 42. Bd4 Rc2 43. Bd3 Rc8 44. Kf2 Ke6 45. Ke3 Bc1+ 46. Ke2 Bh6 47. Ra1 Bg7 48. Ra5 Rc1 49. Kd2 Rc8 50. Bb1 Bh6+ 51. Be3 1-0

[Event "IND-ch Challengers 50th"]
[Site "Tirupati"]
[Date "2012.05.24"]
[Round "9.5"]
[White "Phadke, Sohan"]
[Black "Sanjay, N."]
[Result "1/2-1/2"]
[WhiteElo "2266"]
[BlackElo "2343"]
[PlyCount "52"]
[EventDate "2012.05.18"]
[EventType "swiss"]
[EventRounds "13"]
[EventCountry "IND"]
[SourceTitle "CBM 148 Extra"]
[Source "ChessBase"]
[SourceDate "2012.06.22"]
[SourceVersion "1"]
[SourceVersionDate "2012.06.22"]
[SourceQuality "1"]

1. e4 c5 2. Nf3 a6 3. Nc3 e6 4. d4 cxd4 5. Nxd4 Qc7 6. Bd3 Nf6 7. f4 Bb4 8. 0-0 d6 9. Kh1 Nbd7 10. Bd2 Bc5 11. Nb3 b5 12. Nxc5 Nxc5 13. e5 Nxd3 14. cxd3 dxe5 15. fxe5 Qxe5 16. Qf3 Ra7 17. Bf4 Qh5 18. Qc6+ Bd7 19. Qd6 Ra8 20. Rae1 Rc8 21. Re5 Rc6 22. Qb8+ Rc8 23. Qd6 Rc6 24. Qb8+ Rc8 25. Qd6 Rc6 26. Qb8+ Rc8 1/2-1/2

[Event "IND-ch Challengers 50th"]
[Site "Tirupati"]
[Date "2012.05.21"]
[Round "5.13"]
[White "Santu, Mondal"]
[Black "Sanjay, N."]
[Result "1/2-1/2"]
[WhiteElo "2124"]
[BlackElo "2343"]
[PlyCount "50"]
[EventDate "2012.05.18"]
[EventType "swiss"]
[EventRounds "13"]
[EventCountry "IND"]
[SourceTitle "CBM 148 Extra"]
[Source "ChessBase"]
[SourceDate "2012.06.22"]
[SourceVersion "1"]
[SourceVersionDate "2012.06.22"]
[SourceQuality "1"]

1. d4 Nf6 2. c4 g6 3. Nc3 Bg7 4. g3 0-0 5. Bg2 d6 6. Nf3 Nbd7 7. 0-0 e5 8. e4 c6 9. h3 Qb6 10. d5 Nc5 11. Qe2 cxd5 12. cxd5 Qa6 13. Qxa6 bxa6 14. Nd2 Ne8 15. Nc4 f5 16. f3 Bd7 17. b3 Rc8 18. Rd1 h5 19. Be3 f4 20. gxf4 exf4 21. Bd4 Nb7 22. Bxg7 Kxg7 23. Rac1 Nf6 24. Kf2 Kf7 25. Kg1 Kg7 1/2-1/2

[Event "Asia Cities-ch 17th"]
[Site "Jakarta"]
[Date "2011.04.28"]
[Round "9.6"]
[White "Tandukar, Nabin"]
[Black "Sanjay, N."]
[Result "0-1"]
[WhiteElo "1978"]
[BlackElo "2335"]
[PlyCount "98"]
[EventDate "2011.04.22"]
[EventType "team-swiss"]
[EventRounds "9"]
[EventCountry "INA"]
[SourceTitle "CBM 142 Extra"]
[Source "ChessBase"]
[SourceDate "2011.06.27"]
[SourceVersion "1"]
[SourceVersionDate "2011.06.27"]
[SourceQuality "1"]
[WhiteTeam "Kathmandu"]
[BlackTeam "Bangalore"]
[WhiteTeamCountry "NEP"]
[BlackTeamCountry "IND"]

1. e4 c5 2. Nc3 g6 3. g3 Bg7 4. Bg2 Nc6 5. d3 d6 6. Nge2 Nf6 7. h3 0-0 8. Be3 Rb8 9. f4 Bd7 10. 0-0 b5 11. Qd2 b4 12. Nd1 Qb6 13. Kh2 a5 14. Bg1 Ne8 15. Ne3 Nc7 16. Rab1 f5 17. Nc4 Qa6 18. e5 dxe5 19. Bxc5 e4 20. b3 Be6 21. Qe1 Rfd8 22. Rd1 exd3 23. cxd3 Bd5 24. Qf2 Nb5 25. d4 Bxg2 26. Kxg2 Nc7 27. Ng1 Nd5 28. Nf3 Nc3 29. Rde1 Ne4 30. Qe3 Qc8 31. Rd1 Qe6 32. Rfe1 Qf7 33. Nfe5 Bxe5 34. dxe5 Rd5 35. Bb6 Rb7 36. Qf3 Rbd7 37. Be3 Nc3 38. Ra1 Qe6 39. a3 Rd3 40. axb4 a4 41. Nb2 Rd2+ 42. Bxd2 Rxd2+ 43. Kg1 Ne4 44. Nc4 Nd4 45. Qe3 Nc2 46. Qa7 Rd3 47. Rxe4 fxe4 48. Rxa4 Rxg3+ 49. Kf2 Qxh3 0-1

[Event "Thailand op 11th"]
[Site "Pattaya"]
[Date "2011.04.11"]
[Round "1"]
[White "Sanjay, N."]
[Black "Tominski, Norbert"]
[Result "1/2-1/2"]
[WhiteElo "2335"]
[BlackElo "1966"]
[PlyCount "78"]
[EventDate "2011.04.11"]
[EventType "swiss"]
[EventRounds "9"]
[EventCountry "THA"]
[SourceTitle "CBM 141 Extra"]
[Source "ChessBase"]
[SourceDate "2011.05.03"]
[SourceVersion "1"]
[SourceVersionDate "2011.05.03"]
[SourceQuality "1"]

1. Nf3 d5 2. c4 e6 3. g3 c5 4. cxd5 exd5 5. d4 Nc6 6. Bg2 Nf6 7. 0-0 cxd4 8. Nxd4 Bc5 9. Nxc6 bxc6 10. Nc3 0-0 11. Na4 Be7 12. Be3 Qa5 13. Rc1 Ba6 14. Bc5 Bxc5 15. Nxc5 Rfe8 16. b4 Qa3 17. Nxa6 Qxa6 18. e3 Rab8 19. Qb3 Qb5 20. Rfd1 a5 21. bxa5 Qxa5 22. Qc2 Rb6 23. Rd4 Ra8 24. a4 h6 25. h3 Nd7 26. e4 Nf6 27. exd5 cxd5 28. Rcd1 Rb4 29. Rxb4 Qxb4 30. Bxd5 Qxa4 31. Bb3 Qe8 32. Qd3 Rb8 33. Qc4 Rc8 34. Qf4 Rb8 35. Rd3 Ra8 36. Kg2 Ra1 37. Qf3 Qa8 38. Rc3 Qxf3+ 39. Kxf3 Ra7 1/2-1/2

[Event "Asia Cities-ch 16th"]
[Site "Beirut"]
[Date "2009.04.22"]
[Round "8.3"]
[White "Hakimifard, Ghazal"]
[Black "Sanjay, N."]
[Result "0-1"]
[WhiteElo "2072"]
[BlackElo "2316"]
[PlyCount "74"]
[EventDate "2009.04.16"]
[EventType "team-swiss"]
[EventRounds "9"]
[EventCountry "LBN"]
[SourceTitle "EXT 2020"]
[Source "ChessBase"]
[SourceDate "2019.10.17"]
[SourceVersion "1"]
[SourceVersionDate "2019.10.17"]
[SourceQuality "1"]
[WhiteTeam "Bandar Imam Khomeini"]
[BlackTeam "Bangalore"]
[WhiteTeamCountry "IRI"]
[BlackTeamCountry "IND"]

1. e4 c5 2. Nf3 Nc6 3. d4 cxd4 4. Nxd4 g6 5. Nc3 Bg7 6. Nxc6 bxc6 7. Bc4 Qc7 8. 0-0 Nf6 9. Qe2 d6 10. Bf4 Nh5 11. Be3 0-0 12. Qd2 e6 13. Bh6 Bxh6 14. Qxh6 d5 15. Bb3 Ba6 16. Rfe1 d4 17. Nb1 c5 18. Nd2 c4 19. Ba4 e5 20. Nf3 f6 21. Qd2 Nf4 22. Kh1 Rab8 23. Rab1 Rfd8 24. c3 Nd3 25. Re2 Qa5 26. Bc2 Rxb2 27. cxd4 Qxd2 28. Rxd2 c3 29. Rxb2 Nxb2 30. Bb3+ Kf8 31. Rc2 exd4 32. Bd5 Bc4 33. Nxd4 Bxd5 34. exd5 Rxd5 35. Nf3 Rd1+ 36. Ng1 Nd3 37. h3 Rc1 0-1

[Event "Asia Cities-ch 16th"]
[Site "Beirut"]
[Date "2009.04.20"]
[Round "6.1"]
[White "Sanjay, N."]
[Black "Mahjoob, Morteza"]
[Result "1/2-1/2"]
[WhiteElo "2316"]
[BlackElo "2498"]
[PlyCount "44"]
[EventDate "2009.04.16"]
[EventType "team-swiss"]
[EventRounds "9"]
[EventCountry "LBN"]
[SourceTitle "EXT 2020"]
[Source "ChessBase"]
[SourceDate "2019.10.17"]
[SourceVersion "1"]
[SourceVersionDate "2019.10.17"]
[SourceQuality "1"]
[WhiteTeam "Bangalore"]
[BlackTeam "Tehran"]
[WhiteTeamCountry "IND"]
[BlackTeamCountry "IRI"]

1. Nf3 Nf6 2. c4 e6 3. Nc3 d5 4. d4 dxc4 5. e3 a6 6. a4 b6 7. Bxc4 Bb7 8. 0-0 Bb4 9. Qb3 Bd6 10. Ne5 Bxe5 11. dxe5 Nfd7 12. f4 Nc5 13. Qc2 Nc6 14. Rd1 Qh4 15. e4 Nb4 16. Qe2 0-0 17. Be3 Qe7 18. Bf2 Rfd8 19. Rac1 Rac8 20. Ra1 Ra8 21. Rac1 Rac8 22. Ra1 Ra8 1/2-1/2